00416nam a2200121Ia 4500008004100000245010100041260004500142260000900187300000900196500001300205650001300218856006300231170516s9999 xx 000 0 und d aP-049 - Preparation of chitosan–TPP nanoparticles and their physical and biological properties bAsian Journal of Pharmaceutical Sciences c2016 a11:1 aFebruary xPharmacy uhttp://www.sciencedirect.com/science/journal/18180876/11/1